000
00266nam a22001337a 4500
003
SGT
082
_a
340,SAS
100
_a
SASSALI,M.
245
_a
HOW DOES LAW PROTECT IN WAR
250
_a
2ND
260
_a
LADAN
_b
ICRC
_c
2006
300
_a
509
942
_2
ddc
_c
BK
999
_c
11257
_d
11257